| 000 | 00567nam a22002297a 4500 | ||
|---|---|---|---|
| 999 |
_c11613 _d11613 |
||
| 001 | 11613 | ||
| 003 | BD-JhCC | ||
| 005 | 20211011134020.0 | ||
| 008 | 200707b ii |||| ||a| 001 0 eng d | ||
| 020 | _a9788129120168 | ||
| 035 | _a(BD-JhCC)11613 | ||
| 040 |
_aBD-JhCC _dBD-JhCC |
||
| 041 | _aeng | ||
| 082 |
_a808.85 _bGRA 2017 |
||
| 100 | _aGray, Jim | ||
| 245 |
_aHow Leaders Speak / _c Jim Gray |
||
| 260 |
_aNew Delhi: _bRupa Publication; _c2017. |
||
| 300 |
_a228 p. : _c22 cm |
||
| 650 |
_aSpeeches _zAddresses |
||
| 942 |
_2ddc _cBK _02 |
||